[Event "Pan American-ch School U13 12th"]
[Site "Callao"]
[Date "2023.10.20"]
[Round "8"]
[White "Ayala Aranibar, Adrian Alexander"]
[Black "Rosas Navarro, Bruno Shahid"]
[Result "1/2-1/2"]
[WhiteElo "1326"]
[BlackElo "1509"]
[PlyCount "54"]
[EventDate "2023.10.16"]
[EventType "swiss"]
[EventRounds "9"]
[EventCountry "PER"]
[SourceTitle "CBM 217 Extra"]
[Source "ChessBase"]
[SourceDate "2024.01.31"]
[SourceVersion "1"]
[SourceVersionDate "2024.01.31"]
[SourceQuality "1"]

1. e4 e6 2. d4 d5 3. e5 c5 4. c3 Nc6 5. Nf3 Qb6 6. a3 f6 7. exf6 Nxf6 8. b4 cxd4 9. cxd4 Bd6 10. Be3 Bd7 11. Nc3 Ne7 12. Ne5 Rc8 13. Qd2 Qc7 14. Nxd7 Qxc3 15. Nxf6+ gxf6 16. Qxc3 Rxc3 17. Kd2 Rc7 18. Bd3 Kf7 19. f4 Ng6 20. g3 Rhc8 21. f5 exf5 22. Bxf5 Re8 23. Rhe1 Rce7 24. Re2 h5 25. Rae1 h4 26. Bxg6+ Kxg6 27. gxh4 a5 1/2-1/2

[Event "Pan American-ch School U13 12th"]
[Site "Callao"]
[Date "2023.10.19"]
[Round "7"]
[White "Rosas Navarro, Bruno Shahid"]
[Black "Arevalo Tito, Diego Andre"]
[Result "1-0"]
[WhiteElo "1509"]
[BlackElo "1174"]
[PlyCount "73"]
[EventDate "2023.10.16"]
[EventType "swiss"]
[EventRounds "9"]
[EventCountry "PER"]
[SourceTitle "CBM 217 Extra"]
[Source "ChessBase"]
[SourceDate "2024.01.31"]
[SourceVersion "1"]
[SourceVersionDate "2024.01.31"]
[SourceQuality "1"]

1. d4 d5 2. c4 e6 3. Nc3 Nf6 4. Bg5 Be7 5. Nf3 0-0 6. e3 b6 7. cxd5 exd5 8. Bd3 h6 9. Bf4 Bb7 10. 0-0 Nbd7 11. Rc1 a6 12. Ne2 c5 13. Ng3 Ne4 14. Nf5 c4 15. Bb1 Bf6 16. Qc2 b5 17. Nd2 Bg5 18. Bd6 Re8 19. Ba3 Ndf6 20. f4 Bh4 21. Nxh4 Ng4 22. Nf5 g6 23. Nxe4 gxf5 24. Nd6 Nxe3 25. Nxb7 Qb6 26. Qf2 Nxf1 27. Nd6 b4 28. Nxe8 bxa3 29. Rxf1 Rxe8 30. bxa3 Qe6 31. Qc2 Qe3+ 32. Kh1 Qe4 33. Qxe4 fxe4 34. Bc2 Rb8 35. Rb1 Rxb1+ 36. Bxb1 e3 37. Kg1 1-0

[Event "Pan American-ch School U13 12th"]
[Site "Callao"]
[Date "2023.10.16"]
[Round "2"]
[White "Villaverde Salas, Gonzalo Matias"]
[Black "Rosas Navarro, Bruno Shahid"]
[Result "0-1"]
[WhiteElo "1281"]
[BlackElo "1509"]
[PlyCount "48"]
[EventDate "2023.10.16"]
[EventType "swiss"]
[EventRounds "9"]
[EventCountry "PER"]
[SourceTitle "CBM 217 Extra"]
[Source "ChessBase"]
[SourceDate "2024.01.31"]
[SourceVersion "1"]
[SourceVersionDate "2024.01.31"]
[SourceQuality "1"]

1. e4 e6 2. d4 d6 3. e5 c5 4. c3 Nc6 5. Nf3 Qb6 6. Bd3 cxd4 7. cxd4 Bd7 8. Bc2 Nb4 9. Nc3 Nxc2+ 10. Qxc2 Qa6 11. Ng5 h6 12. Nh3 Rc8 13. Qe2 Qxe2+ 14. Kxe2 Ne7 15. Kd3 Nc6 16. Be3 Be7 17. f4 f6 18. g4 fxe5 19. fxe5 0-0 20. Raf1 Rxf1 21. Rxf1 Rf8 22. Rxf8+ Kxf8 23. g5 hxg5 24. Bxg5 Bxg5 0-1

[Event "Cochabamba GP op 4th"]
[Site "Cochabamba"]
[Date "2023.09.07"]
[Round "2"]
[White "Ferrufino, Boris"]
[Black "Rosas Navarro, Bruno Shahid"]
[Result "1/2-1/2"]
[WhiteElo "1868"]
[BlackElo "1437"]
[PlyCount "118"]
[EventDate "2023.09.07"]
[EventType "swiss"]
[EventRounds "7"]
[EventCountry "BOL"]
[SourceTitle "CBM 216 Extra"]
[Source "ChessBase"]
[SourceDate "2023.11.30"]
[SourceVersion "1"]
[SourceVersionDate "2023.11.30"]
[SourceQuality "1"]

1. d4 Nf6 2. Nf3 e6 3. Nbd2 b6 4. e4 Bb7 5. Bd3 d6 6. 0-0 Nbd7 7. Qe2 Be7 8. b3 0-0 9. Bb2 Re8 10. c4 Nf8 11. Rad1 N6d7 12. Rfe1 c5 13. d5 e5 14. Nf1 Ng6 15. Ng3 Bc8 16. Qc2 Nf6 17. h3 Bd7 18. Be2 Qc8 19. Bc1 a6 20. Nh2 Bd8 21. Nh5 Nf8 22. Nxf6+ Bxf6 23. Bg4 b5 24. Bxd7 Nxd7 25. Ng4 h5 26. Nh2 g6 27. g4 hxg4 28. hxg4 Qd8 29. Nf3 Bg7 30. Kg2 Nf6 31. Nh2 Qc8 32. f3 b4 33. Nf1 a5 34. Ng3 Kf8 35. Rh1 a4 36. Bg5 Qa6 37. Bc1 Ke7 38. g5 Nd7 39. Rh7 Rh8 40. Rdh1 Rxh7 41. Rxh7 Rh8 42. Rxh8 Bxh8 43. Nh1 Bg7 44. Nf2 axb3 45. axb3 f6 46. Nd3 Qa8 47. gxf6+ Bxf6 48. Qf2 Qh8 49. Be3 Qh4 50. Qxh4 Bxh4 51. Kh3 Bf6 52. Kg4 Kf7 53. f4 Bg7 54. fxe5 Nxe5+ 55. Nxe5+ Bxe5 56. Bg5 Kg7 57. Be7 Kf7 58. Bg5 Kg7 59. Be7 Kf7 1/2-1/2

[Event "BOL-ch U16"]
[Site "Cochabamba"]
[Date "2023.01.15"]
[Round "6"]
[White "Rosas Navarro, Bruno Shahid"]
[Black "Romero Villarroel, Rodrigo Ever"]
[Result "1/2-1/2"]
[WhiteElo "1472"]
[BlackElo "1688"]
[PlyCount "30"]
[EventDate "2023.01.13"]
[EventType "swiss"]
[EventRounds "7"]
[EventCountry "BOL"]
[SourceTitle "EXT 2024"]
[Source "ChessBase"]
[SourceDate "2023.10.10"]
[SourceVersion "1"]
[SourceVersionDate "2023.10.10"]
[SourceQuality "1"]

1. d4 Nf6 2. Bf4 d5 3. c4 c6 4. e3 Qb6 5. Qb3 Na6 6. Nc3 Be6 7. c5 Qxb3 8. axb3 Nb4 9. Kd2 Kd7 10. Nf3 Nh5 11. Bg3 Nxg3 12. hxg3 f6 13. Na4 Rb8 14. Nc3 Ra8 15. Na4 Rb8 1/2-1/2